000
00328nam a2200133Ia 4500
005
20251222140111.0
008
251222s1900||||xx |||||||||||||| ||spa||
020
_a
8431622237
082
_a
160/M84
100
_a
Montaner, Pedro
245
0
_a
Teoría Práctica de la Lógica Proporcional
264
_b
Vicens-Vives
942
_c
LIB
999
_c
4292
_d
4292